[Event "DEM U10/U10w 2004"]
[Site "Willingen GER"]
[Date "2004.06.02"]
[Round "6"]
[White "Bräuer, Franz"]
[Black "Kotainy, Jens"]
[Result "1/2-1/2"]
[Termination "normal"]
[Board "5"]
[WhiteElo "1357"]
[BlackElo "1492"]
[PlyCount "40"]
[WhiteFideId "24634468"]
[BlackFideId "24670499"]
[EventCountry "GER"]
[EventRounds "11"]
[EventType "swiss"]
[EventDate "2004.05.29"]

1. e4 c5 2. Nf3 Nc6 3. Bb5 g6 4. O-O Bg7 5. Re1 Nf6 6. c3 O-O 7. d4 cxd4 8.
cxd4 a6 9. Bf1 d6 10. h3 Nd7 11. Nc3 b5 12. Be3 e5 13. d5 Ne7 14. Qd2 f5 15.
Bh6 Nc5 16. Bxg7 Kxg7 17. b4 Nxe4 18. Nxe4 fxe4 19. Rxe4 Bb7 20. Rh4 h5 1/2-1/2

[Event "DEM U10/U10w 2004"]
[Site "Willingen GER"]
[Date "2004.06.02"]
[Round "6"]
[White "Müller, Tobias"]
[Black "Wang, Zhangxian"]
[Result "0-1"]
[Termination "normal"]
[Board "6"]
[WhiteElo "1320"]
[BlackElo "1598"]
[PlyCount "90"]
[WhiteFideId "24643394"]
[EventCountry "GER"]
[EventRounds "11"]
[EventType "swiss"]
[EventDate "2004.05.29"]

1. e4 c6 2. d4 d5 3. Nc3 dxe4 4. Nxe4 Nf6 5. Nxf6+ gxf6 6. c3 Bf5 7. Nf3 e6 8.
g3 Bd6 9. Bg2 Nd7 10. O-O Qc7 11. Be3 O-O-O 12. Qd2 Rhg8 13. b4 h5 14. Nh4 Bg6
15. a4 f5 16. f4 Nf6 17. Qc2 Nd5 18. Bf2 Be7 19. Bxd5 cxd5 20. Nf3 h4 21. Ne1
hxg3 22. Bxg3 Bh5 23. Kh1 Rg7 24. b5 Rh8 25. Qd3 Be2 26. Qxe2 Rxg3 27. Rf3 Rg4
28. Nd3 Rgh4 29. Rf2 Bd6 30. Qd2 Rh3 31. Rc1 Ba3 32. Rc2 Qc4 33. Nb4 Rxh2+ 34.
Kg1 Rh1+ 35. Kg2 R1h2+ 36. Kg1 Rh1+ 37. Kg2 R8h2+ 38. Kf3 Rh3+ 39. Kg2 R1h2+
40. Kg1 Rh1+ 41. Kg2 Qc7 42. Re2 f6 43. Kf2 Qg7 44. Re3 R3h2+ 45. Kf3 Qg4# 0-1

[Event "DEM U10/U10w 2004"]
[Site "Willingen GER"]
[Date "2004.06.02"]
[Round "6"]
[White "Zimmermann, Gordon"]
[Black "Orhan, Eda"]
[Result "0-1"]
[Termination "normal"]
[Board "7"]
[WhiteElo "1562"]
[BlackElo "1312"]
[PlyCount "76"]
[WhiteFideId "24624330"]
[BlackFideId "24659258"]
[EventCountry "GER"]
[EventRounds "11"]
[EventType "swiss"]
[EventDate "2004.05.29"]

1. e4 c5 2. Nf3 d6 3. d4 cxd4 4. Nxd4 Nf6 5. Nc3 g6 6. Be3 Bg7 7. f3 O-O 8. Qd2
Nc6 9. Bc4 Bd7 10. O-O-O Rc8 11. Bb3 Ne5 12. h4 h5 13. Bh6 Bxh6 14. Qxh6 Qa5
15. Nce2 b5 16. Nf4 Nc4 17. g4 hxg4 18. h5 g5 19. Ng6 Nh7 20. Nxe7+ Kh8 21.
Nxc8 Rxc8 22. fxg4 Bxg4 23. Rdg1 Qd2+ 24. Kb1 Qxd4 25. Bxc4 Qxc4 26. Rh2 Qxe4
27. Qxd6 Qe3 28. Rf1 Re8 29. a3 Qe5 30. Qxe5+ Rxe5 31. b3 Kg7 32. Rd2 Nf6 33.
Rd8 Bxh5 34. Ra8 Re7 35. Rf5 Kg6 36. Rxb5 g4 37. Rc5 Ne4 38. Rd5 Nc3+ 0-1

[Event "DEM U10/U10w 2004"]
[Site "Willingen GER"]
[Date "2004.06.02"]
[Round "6"]
[White "Zier, Oliver"]
[Black "Mertens, Fridolin"]
[Result "1-0"]
[Termination "normal"]
[Board "8"]
[WhiteElo "1296"]
[BlackElo "1449"]
[PlyCount "91"]
[WhiteFideId "24631906"]
[BlackFideId "24671940"]
[EventCountry "GER"]
[EventRounds "11"]
[EventType "swiss"]
[EventDate "2004.05.29"]

1. d4 d5 2. c4 e6 3. Nc3 Nf6 4. cxd5 exd5 5. Bg5 Be7 6. e3 O-O 7. Bd3 Nbd7 8.
Qc2 c6 9. Nge2 Re8 10. O-O-O Nf8 11. h4 b5 12. Ng3 Qa5 13. Kb1 b4 14. Nce2 Ng4
15. Rdf1 Bxg5 16. hxg5 Qc7 17. Bxh7+ Nxh7 18. Qxh7+ Kf8 19. Qh8+ Ke7 20. Qxg7
Kd8 21. Rh8 Bd7 22. Rxe8+ Bxe8 23. Ka1 Qa5 24. Qf8 Nxf2 25. Nf5 Kc7 26. Rxf2 b3
27. Nc3 bxa2 28. Qa3 Qxa3 29. bxa3 Rb8 30. Kxa2 Bd7 31. Na4 Re8 32. Nc5 Bxf5
33. Rxf5 Rxe3 34. Rxf7+ Kc8 35. g6 Re2+ 36. Kb3 Re3+ 37. Kb4 a5+ 38. Ka4 Re8
39. g7 Rg8 40. Ne6 c5 41. Rf8+ Rxf8 42. gxf8=Q+ Kb7 43. Qe7+ Ka8 44. Qd8+ Kb7
45. Qc7+ Ka8 46. Nd8 1-0

[Event "DEM U10/U10w 2004"]
[Site "Willingen GER"]
[Date "2004.06.02"]
[Round "6"]
[White "Fittkau, Nico"]
[Black "Friedrich, Wiede"]
[Result "0-1"]
[Termination "normal"]
[Board "9"]
[WhiteElo "1253"]
[BlackElo "1436"]
[PlyCount "128"]
[BlackFideId "24629537"]
[EventCountry "GER"]
[EventRounds "11"]
[EventType "swiss"]
[EventDate "2004.05.29"]

1. e4 g6 2. d4 Bg7 3. Nf3 d6 4. Nc3 b6 5. Be3 Bb7 6. Qd2 Nd7 7. Bd3 Ngf6 8. O-O
O-O 9. Rfe1 Re8 10. Bh6 Bh8 11. h3 c5 12. d5 Qc8 13. b3 e6 14. dxe6 fxe6 15.
Bc4 Nxe4 16. Rxe4 Bxe4 17. Nxe4 Bxa1 18. Nxd6 Qb8 19. Nxe8 Qxe8 20. Bb5 Rd8 21.
Bg5 Bf6 22. Qf4 Bxg5 23. Nxg5 Qe7 24. Bc4 Nf8 25. Qe5 Rd1+ 26. Kh2 Qd6 27. Qxd6
Rxd6 28. Kg3 Kg7 29. Kf3 h6 30. Ne4 Rd8 31. g4 g5 32. Ke3 Rd1 33. f3 Rd7 34. c3
Kg6 35. Bd3 Kg7 36. Bc4 Rd8 37. Nf2 Rd6 38. Ne4 Rd7 39. Nf2 Kf7 40. Nd3 Ng6 41.
a4 Kf6 42. Ke4 Nf4 43. Nxf4 gxf4 44. Kxf4 Rd1 45. h4 e5+ 46. Kg3 Rc1 47. Kg2
Rxc3 48. Kf2 a6 49. Ke2 b5 50. axb5 axb5 51. Bd5 c4 52. bxc4 bxc4 53. Be4 Rc1
54. Bd5 Rh1 55. h5 Rh2+ 56. Kd1 c3 57. Be4 Ke6 58. Kc1 Kd6 59. Kb1 Kc5 60. Bc2
Kb4 61. Kc1 Rh1+ 62. Bd1 Kc4 63. Kc2 Rh2+ 64. Kc1 Kd3 0-1

[Event "DEM U10/U10w 2004"]
[Site "Willingen GER"]
[Date "2004.06.02"]
[Round "6"]
[White "Ohnmacht, Simon"]
[Black "Babayev, Ramil"]
[Result "0-1"]
[Termination "normal"]
[Board "10"]
[WhiteElo "1208"]
[BlackElo "1382"]
[PlyCount "122"]
[WhiteFideId "24672980"]
[BlackFideId "24664243"]
[EventCountry "GER"]
[EventRounds "11"]
[EventType "swiss"]
[EventDate "2004.05.29"]

1. e4 e6 2. d4 d5 3. Nc3 dxe4 4. Nxe4 Nc6 5. Nf3 Be7 6. Bd3 Nf6 7. Bf4 O-O 8.
c3 Nd5 9. Bg5 Bxg5 10. Nexg5 h6 11. Ne4 Nf4 12. Rg1 Re8 13. Bc2 e5 14. g3 Ng6
15. Qd3 exd4 16. cxd4 f5 17. Bb3+ Kh8 18. Nfd2 fxe4 19. Nxe4 Qxd4 20. Bc2 Qxd3
21. Bxd3 Nb4 22. Bb1 Bf5 23. f3 Rad8 24. g4 Bxe4 25. fxe4 Nd3+ 26. Ke2 Nxb2 27.
Kf3 Nc4 28. Bc2 Rf8+ 29. Kg3 Nge5 30. Rgf1 Rxf1 31. Rxf1 Rd2 32. Bb1 c5 33. h4
Nd7 34. Rf7 Nce5 35. Re7 c4 36. Kf4 c3 37. Re8+ Kh7 38. Rc8 Rb2 39. Rxc3 Rxb1
40. g5 Rf1+ 41. Kg3 Rg1+ 42. Kf4 hxg5+ 43. hxg5 b6 44. Rc7 a5 45. Kf5 Rf1+ 46.
Ke6 Kg6 47. Rxd7 Nxd7 48. Kxd7 Kxg5 49. e5 Rd1+ 50. Ke7 Kf5 51. e6 Re1 52. Kf7
Rxe6 53. Kxg7 b5 54. Kf7 b4 55. Kg7 a4 56. Kf8 b3 57. Kg8 bxa2 58. Kf8 a1=Q 59.
Kf7 Qf6+ 60. Kg8 Qg6+ 61. Kf8 Re8# 0-1

[Event "DEM U10/U10w 2004"]
[Site "Willingen GER"]
[Date "2004.06.02"]
[Round "6"]
[White "Dünzel, Jonas"]
[Black "Dötterl, Michael"]
[Result "1-0"]
[Termination "normal"]
[Board "11"]
[WhiteElo "1433"]
[BlackElo "1274"]
[PlyCount "67"]
[WhiteFideId "24631167"]
[EventCountry "GER"]
[EventRounds "11"]
[EventType "swiss"]
[EventDate "2004.05.29"]

1. e4 c5 2. Nf3 d6 3. d4 cxd4 4. Nxd4 Nc6 5. Nc3 a6 6. a4 Nf6 7. Be2 e6 8. Be3
Be7 9. O-O O-O 10. Kh1 Qc7 11. f4 e5 12. fxe5 Nxe5 13. Bf4 Rd8 14. Qe1 b6 15.
Qg3 Bb7 16. Nf5 Ng6 17. Bf3 Rab8 18. Rad1 Ne8 19. Nxe7+ Qxe7 20. Nd5 Bxd5 21.
Rxd5 Nxf4 22. Qxf4 Nf6 23. Rd2 Qe5 24. Qxe5 dxe5 25. Rfd1 Rxd2 26. Rxd2 h6 27.
h3 b5 28. axb5 Rxb5 29. c3 Nh5 30. Bxh5 Ra5 31. Rd8+ Kh7 32. Bxf7 Ra1+ 33. Kh2
Ra2 34. Bxa2 1-0

[Event "DEM U10/U10w 2004"]
[Site "Willingen GER"]
[Date "2004.06.02"]
[Round "6"]
[White "Bluma, Marcel"]
[Black "Rafayevych, Vilen"]
[Result "0-1"]
[Termination "normal"]
[Board "12"]
[WhiteElo "1173"]
[BlackElo "1425"]
[PlyCount "92"]
[WhiteFideId "1270526"]
[BlackFideId "24673897"]
[EventCountry "GER"]
[EventRounds "11"]
[EventType "swiss"]
[EventDate "2004.05.29"]

1. e4 c5 2. d4 cxd4 3. c3 dxc3 4. Nxc3 d6 5. Bc4 Nf6 6. Nf3 e6 7. Bg5 Be7 8.
O-O Nc6 9. Re1 O-O 10. Qc2 Bd7 11. Bd3 Nb4 12. Qd2 Nxd3 13. Qxd3 Rc8 14. Bxf6
Bxf6 15. Rad1 Be7 16. Ne5 dxe5 17. Qxd7 Rc7 18. Qxd8 Rxd8 19. Rxd8+ Bxd8 20.
Nb5 Rc5 21. Rd1 Bb6 22. Nxa7 h6 23. b4 Rc2 24. Nb5 Rxf2 25. Nd4 Rxa2 26. g4 Ra1
27. Rxa1 Bxd4+ 28. Kf1 Bxa1 29. h4 b5 30. g5 Bc3 31. gxh6 gxh6 32. Ke2 Bxb4 33.
Kd3 Be7 34. Kc3 f5 35. exf5 exf5 36. h5 f4 37. Kd3 b4 38. Kd2 f3 39. Ke1 b3 40.
Kf2 b2 41. Kg3 b1=Q 42. Kg4 Qe4+ 43. Kg3 Bh4+ 44. Kh3 Be1 45. Kh2 Qg4 46. Kh1
Qg2# 0-1

[Event "DEM U10/U10w 2004"]
[Site "Willingen GER"]
[Date "2004.06.02"]
[Round "6"]
[White "Lindner, Robert"]
[Black "Döll, Laurin"]
[Result "1-0"]
[Termination "normal"]
[Board "13"]
[WhiteElo "1274"]
[BlackElo "1171"]
[PlyCount "115"]
[WhiteFideId "24658847"]
[EventCountry "GER"]
[EventRounds "11"]
[EventType "swiss"]
[EventDate "2004.05.29"]

1. e4 e5 2. Nf3 Nc6 3. d4 d6 4. Bb5 Bg4 5. d5 a6 6. dxc6 axb5 7. cxb7 Rb8 8.
Qd5 Qd7 9. Bg5 Be7 10. Be3 Nf6 11. Qd3 Bxf3 12. gxf3 Rxb7 13. Nc3 c5 14. f4 c4
15. Qd2 b4 16. Ne2 Qc6 17. f3 Bd8 18. Ng3 Bc7 19. Nf5 g6 20. Ng3 c3 21. bxc3
bxc3 22. Qd3 Bb6 23. Qa6 O-O 24. f5 Qc7 25. Qe2 Bxe3 26. Qxe3 Rb2 27. Qd3 Rfb8
28. Ke2 R2b4 29. Rhd1 Rd4 30. Qe3 Qc4+ 31. Rd3 Rxd3 32. Qxd3 Qc7 33. fxg6 fxg6
34. Nf1 Nh5 35. Kf2 Nf4 36. Qd1 Qc5+ 37. Ne3 Rf8 38. a4 Nh3+ 39. Ke2 Qa5 40.
Qd5+ Qxd5 41. Nxd5 Ng5 42. a5 Ne6 43. a6 Nf4+ 44. Nxf4 exf4 45. a7 Ra8 46. Kd3
Kf7 47. Kc4 Ke7 48. Kb5 Kd7 49. Kb6 Kc8 50. Kc6 h6 51. Kxd6 h5 52. e5 g5 53. e6
Kb7 54. Kd7 g4 55. e7 gxf3 56. e8=Q f2 57. Qe2 Rc8 58. Qf3+ 1-0

[Event "DEM U10/U10w 2004"]
[Site "Willingen GER"]
[Date "2004.06.02"]
[Round "6"]
[White "Schulz, Anja"]
[Black "Marquardt, Patrick"]
[Result "1-0"]
[Termination "normal"]
[Board "14"]
[WhiteElo "1166"]
[BlackElo "1269"]
[PlyCount "71"]
[WhiteFideId "24647845"]
[BlackFideId "4670086"]
[EventCountry "GER"]
[EventRounds "11"]
[EventType "swiss"]
[EventDate "2004.05.29"]

1. e4 c5 2. Nf3 Nc6 3. d4 cxd4 4. Nxd4 g6 5. Nc3 Bg7 6. Be3 Nf6 7. Bc4 O-O 8.
Bb3 a6 9. Qd2 e6 10. f3 d5 11. exd5 exd5 12. O-O-O Na5 13. g4 Be6 14. h4 Nxb3+
15. Nxb3 a5 16. h5 b6 17. Bh6 Rc8 18. Bxg7 Kxg7 19. hxg6 fxg6 20. Qh6+ Kg8 21.
Ne4 Qe7 22. Nxf6+ Rxf6 23. Nd4 Bd7 24. Rde1 Qf7 25. Kb1 Rc4 26. c3 b5 27. Re3
Rc7 28. Rhe1 Qg7 29. Qh2 b4 30. cxb4 axb4 31. Ka1 Bc8 32. Re8+ Rf8 33. Rxf8+
Kxf8 34. Qd6+ Kg8 35. Re8+ Kf7 36. Qxc7+ 1-0

[Event "DEM U10/U10w 2004"]
[Site "Willingen GER"]
[Date "2004.06.02"]
[Round "6"]
[White "Bashylin, Seva"]
[Black "Leach, Julien"]
[Result "0-1"]
[Termination "normal"]
[Board "15"]
[WhiteElo "1143"]
[BlackElo "1232"]
[PlyCount "58"]
[WhiteFideId "24688045"]
[EventCountry "GER"]
[EventRounds "11"]
[EventType "swiss"]
[EventDate "2004.05.29"]

1. d4 Nf6 2. Nf3 g6 3. Bf4 Bg7 4. h3 d6 5. e3 h6 6. Be2 O-O 7. O-O Nbd7 8. c3
a6 9. Nbd2 c5 10. Qb3 b5 11. c4 bxc4 12. Bxc4 cxd4 13. exd4 Nb6 14. Bd3 Be6 15.
Nc4 Rb8 16. Qc3 Rc8 17. Qb4 Nxc4 18. d5 Nxd5 19. Bxc4 Nxb4 20. Bxe6 fxe6 21.
Bh2 Nd3 22. b3 Bxa1 23. Rxa1 Rc1+ 24. Rxc1 Nxc1 25. Nd4 Qb6 26. Nxe6 Qxf2+ 27.
Kh1 Qf1+ 28. Bg1 Rf2 29. Kh2 Qxg2# 0-1

[Event "DEM U10/U10w 2004"]
[Site "Willingen GER"]
[Date "2004.06.02"]
[Round "6"]
[White "Schätz, Annika"]
[Black "Stark, Saskia"]
[Result "1-0"]
[Termination "normal"]
[Board "16"]
[WhiteElo "1139"]
[BlackElo "1226"]
[PlyCount "93"]
[WhiteFideId "24674796"]
[BlackFideId "4601050"]
[EventCountry "GER"]
[EventRounds "11"]
[EventType "swiss"]
[EventDate "2004.05.29"]

1. e4 c5 2. Nf3 e6 3. d4 cxd4 4. Nxd4 a6 5. Nc3 Qc7 6. Bd3 b5 7. a3 Bb7 8. Be3
Nf6 9. O-O d6 10. Re1 Nbd7 11. Bg5 Be7 12. Nf3 O-O 13. Qe2 Nc5 14. e5 Nxd3 15.
cxd3 Ng4 16. Bxe7 Qxe7 17. d4 dxe5 18. dxe5 Qc7 19. h3 Bxf3 20. Qxf3 Nxe5 21.
Qg3 f6 22. Ne4 Kh8 23. Rac1 Qb6 24. Red1 Nc4 25. Rd7 Rg8 26. Qh4 Ra7 27. Nxf6
h6 28. Rxa7 Qxa7 29. Nxg8 Kxg8 30. Rc3 Nxb2 31. Qd8+ Kh7 32. Rc7 Qxc7 33. Qxc7
Nc4 34. g4 Nxa3 35. f4 b4 36. h4 b3 37. Qb6 Nb5 38. Qxe6 Nd4 39. Qe4+ Kg8 40.
Qxd4 a5 41. Qc4+ Kh8 42. Qxb3 a4 43. Qxa4 Kh7 44. h5 Kh8 45. g5 Kh7 46. g6+ Kh8
47. Qe8# 1-0

[Event "DEM U10/U10w 2004"]
[Site "Willingen GER"]
[Date "2004.06.02"]
[Round "6"]
[White "Osmanodja, Filiz"]
[Black "Dauer, Maximilian"]
[Result "1-0"]
[Termination "normal"]
[Board "17"]
[WhiteElo "1219"]
[BlackElo "1124"]
[PlyCount "79"]
[WhiteFideId "24633569"]
[EventCountry "GER"]
[EventRounds "11"]
[EventType "swiss"]
[EventDate "2004.05.29"]

1. e4 e6 2. d4 d5 3. e5 c5 4. c3 Nc6 5. Nf3 Qb6 6. a3 cxd4 7. cxd4 Nge7 8. b4
Nf5 9. Bb2 Bd7 10. Be2 Be7 11. g4 Nh6 12. h3 f6 13. exf6 Bxf6 14. g5 Be7 15.
gxh6 gxh6 16. Qd2 O-O-O 17. Bc3 a6 18. Bb2 Rdf8 19. Nc3 h5 20. Na4 Qc7 21. Rc1
Qf4 22. Qxf4 Rxf4 23. Nb6+ Kd8 24. Nxd7 Kxd7 25. b5 axb5 26. Ne5+ Nxe5 27. dxe5
b4 28. axb4 Bxb4+ 29. Bc3 Rc8 30. Bb5+ Kd8 31. Kd2 d4 32. Bxb4 Rxf2+ 33. Kd3
Rf3+ 34. Ke4 Rxc1 35. Rxc1 Rxh3 36. Ba5+ Ke7 37. Rc7+ Kf8 38. Bb4+ Kg8 39. Rc8+
Kg7 40. Bf8+ 1-0

[Event "DEM U10/U10w 2004"]
[Site "Willingen GER"]
[Date "2004.06.02"]
[Round "6"]
[White "Spangenberg, Romy"]
[Black "Berchtenbreiter, Maximilian"]
[Result "1/2-1/2"]
[Termination "normal"]
[Board "18"]
[WhiteElo "1119"]
[BlackElo "1214"]
[PlyCount "48"]
[WhiteFideId "4627997"]
[BlackFideId "24641120"]
[EventCountry "GER"]
[EventRounds "11"]
[EventType "swiss"]
[EventDate "2004.05.29"]

1. e4 c5 2. Nf3 e6 3. d4 cxd4 4. Nxd4 a6 5. Nc3 b5 6. a3 Bb7 7. b4 Qc7 8. Bd2
Nf6 9. Bd3 Be7 10. Qe2 d6 11. f4 Nbd7 12. Nf3 O-O 13. e5 Bxf3 14. Qxf3 dxe5 15.
f5 exf5 16. Bxf5 Rac8 17. O-O Bd6 18. Ne2 e4 19. Qh3 Qb7 20. Bg5 Rxc2 21. Rad1
Rxe2 22. Rxd6 Qa7+ 23. Kh1 Qf2 24. Rdd1 e3 1/2-1/2

[Event "DEM U10/U10w 2004"]
[Site "Willingen GER"]
[Date "2004.06.02"]
[Round "6"]
[White "Hager, Joshua Aarash"]
[Black "Weißenburg, Isabel"]
[Result "1/2-1/2"]
[Termination "normal"]
[Board "19"]
[WhiteElo "1193"]
[BlackElo "878"]
[PlyCount "100"]
[WhiteFideId "24642789"]
[BlackFideId "4612922"]
[EventCountry "GER"]
[EventRounds "11"]
[EventType "swiss"]
[EventDate "2004.05.29"]

1. d4 d5 2. c4 e6 3. Nc3 Nf6 4. Nf3 Be7 5. e3 b6 6. Bd3 dxc4 7. Bxc4 Bb7 8. O-O
O-O 9. Re1 Ne4 10. Bd3 Nxc3 11. bxc3 Bd6 12. Bd2 Bxf3 13. Qxf3 c6 14. e4 f6 15.
Rad1 Qd7 16. Bc4 b5 17. Bd3 e5 18. d5 a5 19. Qe2 b4 20. Bc4 Kh8 21. Rb1 c5 22.
Bb5 Qf7 23. a3 f5 24. f3 fxe4 25. fxe4 Qg6 26. cxb4 axb4 27. axb4 cxb4 28. Bxb4
Bxb4 29. Rxb4 Ra3 30. Rf1 Rxf1+ 31. Qxf1 Qd6 32. Qc1 Ra1 33. Rb1 Qb6+ 34. Kh1
Rxb1 35. Qxb1 h6 36. Bd3 Qc7 37. h3 Nd7 38. Qc2 Qxc2 39. Bxc2 Kg8 40. Ba4 Nc5
41. Bc2 Kf7 42. g4 Kf6 43. h4 g5 44. h5 Nd7 45. Kg2 Ke7 46. Kf3 Kd6 47. Ke3 Kc5
48. Kd3 Kb4 49. Bd1 Nf6 50. Be2 Ne8 1/2-1/2

[Event "DEM U10/U10w 2004"]
[Site "Willingen GER"]
[Date "2004.06.02"]
[Round "6"]
[White "Düssler, Stefanie"]
[Black "Braun, Georg"]
[Result "0-1"]
[Termination "normal"]
[Board "20"]
[WhiteElo "903"]
[BlackElo "1181"]
[PlyCount "74"]
[WhiteFideId "4634780"]
[BlackFideId "24629383"]
[EventCountry "GER"]
[EventRounds "11"]
[EventType "swiss"]
[EventDate "2004.05.29"]

1. e4 e6 2. d4 d5 3. e5 c5 4. Nf3 Nc6 5. c3 Qb6 6. Bd3 Bd7 7. Be2 cxd4 8. cxd4
Nge7 9. b3 Nf5 10. Be3 Bb4+ 11. Kf1 O-O 12. g3 Rac8 13. Kg2 Be7 14. Qd3 Nb4 15.
Qd2 Nc2 16. Nc3 Nxa1 17. Rxa1 Bb4 18. Rc1 Nxe3+ 19. fxe3 Qa5 20. Qc2 Rxc3 21.
Qb1 Rxc1 22. Qxc1 Qxa2 23. Kf2 Rc8 24. Qd1 Bb5 25. Ng1 Bxe2 26. Nxe2 Qc2 27.
Qa1 Qf5+ 28. Kg2 Rc2 29. Qd1 Rd2 30. Qe1 Qe4+ 31. Kf2 Rd3 32. Qc1 Qf5+ 33. Kg2
Rd2 34. Qe1 Qd3 35. Kf2 Rb2 36. Qc1 Qxe2+ 37. Kg1 Qg2# 0-1

[Event "DEM U10/U10w 2004"]
[Site "Willingen GER"]
[Date "2004.06.02"]
[Round "6"]
[White "Schmitz, Stefan"]
[Black "Kühnel, Lena"]
[Result "1/2-1/2"]
[Termination "normal"]
[Board "21"]
[WhiteElo "1328"]
[BlackElo "1104"]
[PlyCount "55"]
[WhiteFideId "4625730"]
[BlackFideId "24640956"]
[EventCountry "GER"]
[EventRounds "11"]
[EventType "swiss"]
[EventDate "2004.05.29"]

1. e4 e5 2. Nf3 Nc6 3. Bc4 Nf6 4. d3 Be7 5. Nc3 Bb4 6. Bd2 d6 7. Qe2 Bg4 8. Qe3
O-O 9. h3 Be6 10. Bb3 Qd7 11. Nd5 Bxd2+ 12. Nxd2 Bxd5 13. exd5 Nd4 14. O-O-O c6
15. dxc6 Nxb3+ 16. Nxb3 bxc6 17. g4 Rab8 18. g5 Nd5 19. Qg3 f6 20. h4 Rb6 21.
Rdg1 a6 22. h5 f5 23. c4 Nf4 24. Qe3 Rfb8 25. d4 Qe7 26. dxe5 Qxe5 27. Qxe5
dxe5 28. Kc2 1/2-1/2

[Event "DEM U10/U10w 2004"]
[Site "Willingen GER"]
[Date "2004.06.02"]
[Round "6"]
[White "Risius, Philipp"]
[Black "Gering, Samuel"]
[Result "1-0"]
[Termination "normal"]
[Board "22"]
[WhiteElo "1264"]
[BlackElo "1059"]
[PlyCount "121"]
[WhiteFideId "24630330"]
[BlackFideId "24604526"]
[EventCountry "GER"]
[EventRounds "11"]
[EventType "swiss"]
[EventDate "2004.05.29"]

1. e4 c6 2. d4 d5 3. e5 Bf5 4. Nc3 e6 5. Nf3 Bb4 6. Bd2 Ne7 7. Be2 Nd7 8. a3
Bxc3 9. Bxc3 O-O 10. Nh4 Be4 11. f3 Bf5 12. Bb4 c5 13. dxc5 Nxe5 14. Nxf5 Nxf5
15. c6 Re8 16. cxb7 Rb8 17. Bb5 Nd7 18. Bc6 Qc7 19. Ba4 Rxb7 20. Rc1 Qe5+ 21.
Qe2 Qxb2 22. O-O Qd4+ 23. Kh1 Qf6 24. Rfd1 Qh6 25. Be1 Qf4 26. Bxd7 Rxd7 27.
Qf2 Rb8 28. Bd2 Qe5 29. g3 Rdb7 30. Bf4 Qf6 31. Bxb8 Rxb8 32. Rb1 Rc8 33. Qe1
Nd6 34. Qf2 h6 35. Rdc1 Qe7 36. a4 a6 37. Rb6 a5 38. Ra6 Nc4 39. Ra7 Qd6 40.
Rb7 Ra8 41. Rd1 Qc6 42. Rb5 Kh7 43. Qc5 Qd7 44. Qxc4 Rc8 45. Qd3+ g6 46. Rxa5
Qc7 47. Qd2 Rb8 48. Rb5 Rd8 49. Rdb1 Qe5 50. c3 Qf6 51. Qf4 Qe7 52. Rb7 Rd7 53.
R7b6 g5 54. Qd2 Kg6 55. Qd3+ Kh5 56. g4+ Kh4 57. Qe2 Qc5 58. R1b5 Qc7 59. Kg2
Qf4 60. Qf2+ Qg3+ 61. hxg3# 1-0

[Event "DEM U10/U10w 2004"]
[Site "Willingen GER"]
[Date "2004.06.02"]
[Round "6"]
[White "Gisy, Roberto"]
[Black "Schäfer, Daniela"]
[Result "1-0"]
[Termination "normal"]
[Board "23"]
[WhiteElo "1229"]
[BlackElo "918"]
[PlyCount "109"]
[BlackFideId "4624769"]
[EventCountry "GER"]
[EventRounds "11"]
[EventType "swiss"]
[EventDate "2004.05.29"]

1. e4 d6 2. d4 g6 3. f3 Bg7 4. Nc3 Nf6 5. Be3 O-O 6. Qd2 c6 7. Bh6 Nbd7 8. h4
b5 9. h5 Bb7 10. hxg6 fxg6 11. Bxg7 Kxg7 12. Qh6+ Kg8 13. Nh3 Rf7 14. Ng5 Qe8
15. Nxf7 Qxf7 16. Qh3 h5 17. g4 Kf8 18. g5 Nh7 19. Qxd7 Rb8 20. Qh3 Nxg5 21.
Qg2 Nxf3+ 22. Kd1 Nxd4 23. Be2 a6 24. Rf1 Nf5 25. exf5 gxf5 26. Qh3 e6 27. Bxh5
Qg7 28. Be2 d5 29. Rh1 Kf7 30. Qh7 Qxh7 31. Rxh7+ Kf6 32. Kd2 f4 33. Rf1 e5 34.
Rh6+ Kf7 35. Rh5 e4 36. Nxe4 dxe4 37. Rxf4+ Kg6 38. Rxe4 Rd8+ 39. Kc3 b4+ 40.
Rxb4 Re8 41. Rh2 Bc8 42. Bh5+ Kf6 43. Bxe8 Ke7 44. Re2+ Kf6 45. Rf4+ Kg5 46.
Rf8 c5 47. Rg2+ Bg4 48. Rg8+ Kf6 49. R8xg4 Ke6 50. Rd2 Ke7 51. Rg1 Kxe8 52.
Re1+ Kf7 53. Rf2+ Kg6 54. Rg1+ Kh5 55. Rh2# 1-0

[Event "DEM U10/U10w 2004"]
[Site "Willingen GER"]
[Date "2004.06.02"]
[Round "6"]
[White "Korman, Jewgenija"]
[Black "Lebek, Ricarda"]
[Result "1/2-1/2"]
[Termination "normal"]
[Board "24"]
[WhiteElo "1136"]
[BlackElo "914"]
[PlyCount "142"]
[WhiteFideId "24606669"]
[BlackFideId "4624688"]
[EventCountry "GER"]
[EventRounds "11"]
[EventType "swiss"]
[EventDate "2004.05.29"]

1. e4 e6 2. d4 d5 3. exd5 exd5 4. Nf3 Bd6 5. Nc3 Nf6 6. Bg5 c6 7. Bd3 O-O 8.
O-O Bg4 9. Re1 Nbd7 10. h3 Bh5 11. Bf5 Qc7 12. Qd3 Bg6 13. Nh4 Bf4 14. Bxf4
Qxf4 15. Nxg6 fxg6 16. Bxd7 Nxd7 17. Qe2 Rae8 18. Qf3 Qxd4 19. Qg3 Qd2 20. Rec1
Re7 21. f3 d4 22. Ne4 Qe3+ 23. Kh1 Re5 24. Re1 Qf4 25. Qxf4 Rxf4 26. Nd6 b6 27.
Rxe5 Nxe5 28. Re1 Rf6 29. Ne4 Rf5 30. Nd6 Rf6 31. Nc8 Rf8 32. Nxa7 Ra8 33. Rxe5
Rxa7 34. Re6 Rxa2 35. Rxc6 Rxb2 36. Rc8+ Kf7 37. Rc7+ Kf6 38. Rc6+ Kf5 39. Rc7
Kf6 40. g4 h5 41. Rc6+ Kg5 42. Rc7 hxg4 43. hxg4 Kf4 44. Kg2 d3 45. Rc4+ Kg5
46. Kg3 Rxc2 47. Rd4 d2 48. Rd6 b5 49. f4+ Kh6 50. Rd8 g5 51. f5 Rc3+ 52. Kf2
g6 53. Rd6 Rc2 54. Rxg6+ Kh7 55. Ke2 b4 56. Rb6 Rc4 57. Rb7+ Kh6 58. f6 Rd4 59.
Kd1 Rxg4 60. f7 Rf4 61. Kxd2 Kg7 62. Rb5 Kxf7 63. Rxg5 Rf3 64. Rb5 Rb3 65. Kc2
Rc3+ 66. Kb2 Rc4 67. Kb3 Rc1 68. Rxb4 Rb1+ 69. Kc4 Rd1 70. Rb7+ Ke6 71. Rb6+
Ke5 1/2-1/2

[Event "DEM U10/U10w 2004"]
[Site "Willingen GER"]
[Date "2004.06.02"]
[Round "6"]
[White "Rutz, Maximilian"]
[Black "Mirke, Roy"]
[Result "0-1"]
[Termination "normal"]
[Board "25"]
[WhiteElo "962"]
[BlackElo "1227"]
[PlyCount "70"]
[BlackFideId "24647306"]
[EventCountry "GER"]
[EventRounds "11"]
[EventType "swiss"]
[EventDate "2004.05.29"]

1. d4 d5 2. Nf3 Nf6 3. e3 e6 4. Bd3 Bd6 5. O-O Nbd7 6. Nbd2 O-O 7. e4 dxe4 8.
Nxe4 Nxe4 9. Bxe4 Nf6 10. Bd3 b6 11. Re1 Bb7 12. Bg5 h6 13. Bh4 Be7 14. Re3 Nd5
15. Re1 Bxh4 16. Nxh4 Qxh4 17. Re4 Qe7 18. c4 Nb4 19. Rg4 Nxd3 20. Qxd3 Rad8
21. Qe3 Rfe8 22. Qxh6 f6 23. Re1 Rxd4 24. Qh5 Rxg4 25. Qxg4 Qf7 26. Re3 Bc8 27.
Qh4 Rd8 28. h3 c5 29. g4 Bb7 30. a3 Rd1+ 31. Kh2 Rh1+ 32. Kg3 Rg1+ 33. Kh2 Rg2+
34. Kh1 Rxg4+ 35. Kh2 Rxh4 0-1